Manual de centres d'empreses
ISBN:
84-7794-473-3
Descripción Física:
238 p. ; 23 cm
Colección:
Eines per al desenvolupament local ; 5
MARC
| LEADER | 00000nam a2200000Ia 4500 | ||
|---|---|---|---|
| 001 | 11485 | ||
| 008 | 160829s1996 xx 000 0 cat d | ||
| 020 | |a 84-7794-473-3 | ||
| 080 | |a M-2-112 | ||
| 245 | |a Manual de centres d'empreses | ||
| 260 | |a Barcelona : |b Diputació de Barcelona. Servei de Promoció Econòmica, |c 1996 | ||
| 300 | |a 238 p. ; |c 23 cm | ||
| 490 | |a Eines per al desenvolupament local ; 5 | ||
| 590 | |a A la portada: D'Aleph | ||
| 650 | |a Centres d'empreses |9 39638 | ||
| 650 | 0 | |a Empreses |x Creació |9 32813 | |
| 710 | |a Barcelona (Catalunya : Província). |b Servei de Promoció Econòmica |9 53915 | ||
| 710 | 2 | |a Daleph (Firma) |9 56487 | |
| 901 | |a Arxiu | ||
| 942 | |n 1 | ||
| 952 | |0 0 |1 0 |4 0 |6 M2112 |7 1 |9 49131 |a Arxiu |b Arxiu |d 2016-12-01 |l 0 |o M-2-112 |p 11485 |r 2016-12-01 00:00:00 |w 2016-12-01 |y ARXIU | ||
| 999 | |c 52970 |d 52970 | ||